000 00454ntaaa2200181 4500
003 01
005 20251027202723.0
008 0714s1973 ag 01
040 _aAR-BaBN
_bspa
_cAR-BaBN
_eaacr
_dRIC
082 _a617.0000 F352
100 _aFerguson, L. Kraeer
_927050
245 _aCirugía del paciente no hospitalizado
250 _a1 ed.
260 _aBuenos Aires :
_bKraft,
_c1946
300 _a2 tomos
650 _acirugía
_927051
942 _cBK
999 _c22440
_d22440